00614nmm a2200181Ia 4500008004100000020001800041041000800059100002500067245010000092264005500192300001800247650003100265700002500296700003600321856005100357942000700408999001700415251105s9999||||xx |||||||||||||||||und|| a9789560100481 aspa aTapa Ladino, Marcela 0aRegiones fronterizas, migración y los desafíos para los Estados nacionales latinoamericanos a[Santiago de Chile, Chile] :bRil editores, c2014 a401 páginas aEmigration and immigration aTapa Ladino, Marcela1 a González Gil, Adriana (eds.) uhttps://public.digitaliapublishing.com/a/31686 cCF c71867d71867